000 00808nam a22002297a 4500
003 0
005 20251001155838.0
008 251001b xxu||||| |||| 00| 0 eng d
020 _a978-1-350-36899-6
050 _aBF 697
_b.M37 2024
100 _aMarraffa, Massimo,
_eauthor.
245 _aThe Developmental psychology of personal identity :
_ba philosophical perspective /
_cMassimo Marraffa and Cristina Meini.
260 _aLondon, UK :
_bBloomsbury Academic,
_c2024.
300 _axi, 228 pages ;
_c25 cm.
504 _aIncludes bibliographical references and index.
650 _aIdentity (Psychology).
650 _aSelf
_xPsychological aspects.
650 _aPersonality development.
650 _aDevelopmental psychology
_xPhilosophy.
700 _aMeini, Cristina,
_eauthor.
942 _2lcc
_cBK
999 _c368177
_d368177